000 00578nam a22001817a 4500
005 20250611155237.0
010 _aENG-145328
020 _a9789383660810
_c600.00
035 _aEN-128860
037 _bDBAD
082 _a152.47
100 _aAditya, Subhrangsu
_981899
245 _aThe Poet's School:
_bA History Of Patha-Bhavana And Siksha-Satra/
_cSwati Ghosh [and] Ashok Sircar
260 _aKolkata
_bJadavpur University Press
_c2021
270 _aJadavpur University, Kolkata-700032
300 _axvi, 287p
_c24cm.(pb)
942 _2ddc
_cEN
_h370
_mGHO
999 _c211737
_d211737